Prípadové štúdie - nový prístup výučby moderných informačných technológií

Gespeichert in:
Bibliographische Detailangaben
1. Verfasser: Russev, Roman
Format: Buchkapitel
Sprache:Slowakisch
Tags: Tag hinzufügen
Keine Tags, Fügen Sie das erste Tag hinzu!

MARC

LEADER 00000nla$a2200000$$$4500
001 0062784
005 20240502071718.4
041 0 |a slo 
044 |a SK 
245 1 0 |a Prípadové štúdie - nový prístup výučby moderných informačných technológií  |c Roman Russev 
100 1 |a Russev, Roman